| 000 | 00794cam a2200253 a 4500 | ||
|---|---|---|---|
| 001 | 76689 | ||
| 003 | BD-RjUL | ||
| 005 | 20211209082855.0 | ||
| 008 | 741008s1965 enk 000 0 eng u | ||
| 035 | _a(BD-RjUL) | ||
| 040 |
_cDLM _dOCL _aBD-RjUL _beng |
||
| 041 | _aeng | ||
| 090 |
_aND980 _b.V53 |
||
| 100 |
_aRobinson, B. W. _9237364 |
||
| 245 | 1 | 0 |
_aPersian paintings / _cby B. W. Robinson. |
| 260 |
_aLondon : _bH.M.S.O., _c1952 |
||
| 300 |
_a18 p., 36 p. of plates : _bill. ; _c25 cm. |
||
| 490 | 1 | _aVictoria and Albert Museum.; | |
| 650 | 0 |
_aPainting, Persian. _9237365 |
|
| 650 | 0 |
_aIllumination of books and manuscripts _vSpecimens _9237366 |
|
| 700 | 1 |
_aRobinson, B. W. _q(Basil William) _9237364 |
|
| 942 |
_2ddc _cBK |
||
| 999 |
_c76689 _d76689 |
||